BIBLIOTHÈQUE DE LA MAISON DU MEXIQUE

Logo 1 Logo 2

Flor de leyendas (notice nᵒ 7889)

détails MARC
000 -Sello discográfico
campo de control de longitud fija 00997nam a2200289 4500
005 - Identificación de versión
campo de control 20251016083640.0
099 ## - fechas locales
Tipo de ítem Koha LIBRO
100 ## - Datos de procesamiento general
Datos de procesamiento general 20250217d19751972m y1spay5003 ba
105 ## - Campo de datos codificados: Material textual, monográfico
Datos codificados de monografía y 001ay
200 1# - Título y mención de responsabilidad
Título propio Flor de leyendas
Designación general del material texto impreso
Otra información del título La sirena varada. La dama del alba. La barca sin pescador
Primer mención de responsabilidad Alejandro Casona
Declaración de responsabilidad subsiguiente prólogo Antonio Magaña Esquivel
205 ## - Declaración de edición
Declaración de edición 3a ed
210 ## - Publicación, distribución, etc.
Lugar de publicación, distribución, etc. México
Nombre del editor, distribuidor, etc. Editorial Porrúa
Fecha de publicación, distribución, etc. 1975
215 ## - Descripción física
Designación de material específico y extensión del ítem 173 p
Dimensiones 22 cm
345 ## - Nota de información de adquisición
Fuente de adquisición/dirección de la suscripción [OBSOLETO] Donación
410 #1 - Series
Título Colección "Sepan Cuantos ..."
Número de volumen 223
606 ## - Término temático usado como materia
Elemento de entrada Teatro español
Subdivisión cronológica Siglo XX
Número Koha 6067
660 ## - Código de área geográfica
Código MX
700 ## - Nombre personal - Responsabilidad primaria
Elemento de entrada Rodríguez Alvarez
Parte del nombre distinta del elemento de entrada Alejandro
Fechas 1903-1965
Adiciones a los nombres que no sean fechas Alejandro Casona
Número Koha 7337
702 ## - Nombre personal - Responsabilidad secundaria
Elemento de entrada Magaña Esquivel
Parte del nombre distinta del elemento de entrada Antonio
Fechas 1909-1981
Número Koha 6161
801 ## - Fuente de origen
País FR
Agencia cm
Reglas de catalogación (convenciones descriptivas) AFNOR
900 ## -
-- 1/23449
900 ## -
-- 7100417642\080104
942 ## - ELEMENTOS DE ENTRADA SECUNDARIOS (KOHA)
Tipo de ítem Koha Livre
996 ## -
-- MEX
-- 751145101
-- MMAG
-- 012489
-- 080 S479 V.223
-- 20250217LIV
Exemplaires
Estatus retirado Estado de daño Estado de pérdida Fecha de adquisición Biblioteca de origen Biblioteca actual Ubicación en estantería Código de barras Precio de reemplazo Signatura topográfica completa No para préstamo Tipo de ítem Koha Nota pública Nota no pública
      05/08/2025 Casa México Paris Casa México Paris   012489 05/08/2025 080 S479 V.223   Livre 20250217LIV 751145101